The Sopranos - Statistics

General Stats
  • This quiz has been taken 512 times
  • The average score is 5 of 6
Answer Stats
Question Answer % Correct
Which state does the sopranos take place in? New Jersey
99%
Why did Tony kill Pussy? He was an FBI informant
98%
What animal did Tony have a connection with? Duck
94%
Who kills Tony? No one
89%
What was Christopher passion? Movie writer
84%
What is Tony Sopranos's cousin named? Tony
61%
No matching quizzes found
Score Distribution
Percent of People with Each Score
Percentile by Number Answered
Your Score History
You have not taken this quiz